| 000 | 02005nam0a22003851 4500 | ||
|---|---|---|---|
| 001 | v19\rc\1843609 | ||
| 005 | 20260405070741.0 | ||
| 035 | _a(NLR Aleph) 005258125 | ||
| 090 |
_a5873352 _c5873352 |
||
| 100 | _a20071224e19081909|||y0rusy50 ca | ||
| 101 | 0 | _arus | |
| 102 | _aRU | ||
| 105 | _ay z ||||| | ||
| 135 | _acrmn mmmaaada | ||
| 200 | 1 |
_aПартизан-поэт Д.В. Давыдов и его архив _fМ.А. Трунова |
|
| 210 |
_aСанкт-Петербург _cтип. Гл. упр. уделов _d1908 |
||
| 215 |
_a[2], 14 с. _d27 |
||
| 311 | _aОтт. из "Вестн. археологии и истории". 1909, вып. 18 | ||
| 316 |
_aЭкз. РНБ (37.56.5.435): с автогр. авт. _5NLR: 37.56.5.435 |
||
| 325 | _aКопия доступна в Электрон. б-ке РНБ http://vivaldi.nlr.ru/bx000022874/view | ||
| 488 | 0 |
_12001#$aВестник археологии и истории$v1909, вып. 18 _tВестник археологии и истории |
|
| 532 | 1 | 0 | _aПартизан-поэт Денис Васильевич Давыдов и его архив |
| 700 | 1 |
_aТрунова _bМ.А. _gМария Алексеевна |
|
| 702 | 1 |
_4570 _8rus _7ca _aДавыдов _bД. В. _cпоэт _f1784-1839 _gДенис Васильевич _3RU\NLR\AUTH\7717131 _9221 |
|
| 801 | 0 |
_aRU _bNLR _c20071224 _gpsbo |
|
| 801 | 0 |
_aRU _bRuMoRGB _c20071224 _2psbo |
|
| 801 | 1 |
_aRU _bProSoft-M _c20071224 _2rusmarc |
|
| 801 | 2 |
_aRU _bNLR _c20100429 _2rusmarc |
|
| 852 |
_aNLR _j37.56.5.435 |
||
| 942 | _cBOOK | ||
| 980 | _aNB | ||
| 981 | 2 | 2 |
_a(22) Материалы по истории России _b(22) Отечественная война 1812 года |
| 981 | 2 | 2 |
_a(22) Материалы по истории России _b(22) История России до 25 октября (7 ноября) 1917 года |
| 981 | 2 | 2 |
_a(22) Материалы по истории России _b(22) Военное дело |